Názory výrobcov biopotravín týkajúce sa ekologických obalov

Obal a ekológia. Plasty a ich biodegradovateľnosť. Analýza postojov 50 slovenských výrobcov biopotravín na ekologické obaly - výsledky z dotazníkového prieskumu v období 02-03/2016.

Na minha lista:
Detalhes bibliográficos
Autor principal: Jarossová, Malgorzata Agnieszka, 1978-
Formato: Capítulo de Livro
Idioma:eslovaco
Assuntos:
Tags: Adicionar Tag
Sem tags, seja o primeiro a adicionar uma tag!

MARC

LEADER 00000naa$a2200000$$$4500
001 0250711
005 20240502074023.0
041 0 |a slo 
044 |a SK 
245 1 0 |a Názory výrobcov biopotravín týkajúce sa ekologických obalov  |c Malgorzata A. Jarossova 
520 |a Obal a ekológia. Plasty a ich biodegradovateľnosť. Analýza postojov 50 slovenských výrobcov biopotravín na ekologické obaly - výsledky z dotazníkového prieskumu v období 02-03/2016. 
610 2 0 |a biopotraviny 
610 2 0 |a potraviny 
610 2 0 |a potravinárstvo 
610 2 0 |a trh potravinový 
610 2 0 |a priemysel potravinársky 
610 2 0 |a obaly 
610 2 0 |a balenie 
610 2 0 |a ekológia 
610 2 0 |a výrobcovia 
610 2 0 |a postoje 
610 2 0 |a poľnohospodárstvo 
610 2 0 |a Slovensko 
100 1 |a Jarossová, Malgorzata Agnieszka, 1978-